Taunton's complete illustrated guide to finishing / (Record no. 30337)
[ view plain ]
| 000 -LEADER | |
|---|---|
| fixed length control field | 00995nam a22003011i 4500 |
| 001 - CONTROL NUMBER | |
| control field | 016886437 |
| 003 - CONTROL NUMBER IDENTIFIER | |
| control field | EG-ScBUE |
| 005 - DATE AND TIME OF LATEST TRANSACTION | |
| control field | 20230511122738.0 |
| 008 - FIXED-LENGTH DATA ELEMENTS--GENERAL INFORMATION | |
| fixed length control field | 140926t2004 ctua f 001 0 eng d |
| 020 ## - INTERNATIONAL STANDARD BOOK NUMBER | |
| International Standard Book Number | 9781627107679 (pbk.) |
| 040 ## - CATALOGING SOURCE | |
| Original cataloging agency | StDuBDS |
| Language of cataloging | eng |
| Description conventions | rda |
| Transcribing agency | StDuBDS |
| Modifying agency | Uk |
| -- | EG-ScBUE |
| 082 04 - DEWEY DECIMAL CLASSIFICATION NUMBER | |
| Classification number | 684.1043 |
| Edition number | 22 |
| Item number | JEW |
| 100 10 - MAIN ENTRY--PERSONAL NAME | |
| Personal name | Jewitt, Jeff, |
| Relator term | author. |
| 245 10 - TITLE STATEMENT | |
| Title | Taunton's complete illustrated guide to finishing / |
| Statement of responsibility, etc | Jeff Jewitt. |
| 264 #1 - PUBLICATION, DISTRIBUTION, ETC. (IMPRINT) | |
| Place of publication, distribution, etc | Newtown : |
| Name of publisher, distributor, etc | Taunton, |
| Date of publication, distribution, etc | [2004] |
| 264 #4 - PUBLICATION, DISTRIBUTION, ETC. (IMPRINT) | |
| Date of publication, distribution, etc | c2004 |
| 300 ## - PHYSICAL DESCRIPTION | |
| Extent | 294 pages : |
| Other physical details | illustrations (black and white, and colour) ; |
| Dimensions | 24 cm |
| 336 ## - CONTENT TYPE | |
| Content type term | text |
| Source | rdacontent |
| Content type code | txt |
| 336 ## - CONTENT TYPE | |
| Content type term | still image |
| Source | rdacontent |
| Content type code | txt |
| 337 ## - MEDIA TYPE | |
| Media type term | unmediated |
| Source | rdamedia |
| Media type code | n |
| 338 ## - CARRIER TYPE | |
| Carrier type term | volume |
| Source | rdacarrier |
| Carrier type code | nc |
| 500 ## - GENERAL NOTE | |
| General note | Originally published: as Taunton's complete illustrated guide to finishing. 2004. |
| 500 ## - GENERAL NOTE | |
| General note | Includes index. |
| 650 #7 - SUBJECT ADDED ENTRY--TOPICAL TERM | |
| Topical term or geographic name as entry element | Furniture finishing. |
| Source of heading or term | BUEsh |
| 653 ## - INDEX TERM--UNCONTROLLED | |
| Resource For college | Arts and Design |
| Arrived date list | May2023 |
| 655 ## - INDEX TERM--GENRE/FORM | |
| Form subdivision | Reading book |
| 942 ## - ADDED ENTRY ELEMENTS (KOHA) | |
| Source of classification or shelving scheme | Dewey Decimal Classification |
| Koha item type | Book - Borrowing |
| Withdrawn status | Lost status | Source of classification or shelving scheme | Damaged status | Not for loan | Collection code | Home library | Current library | Shelving location | Date acquired | Source of acquisition | Cost, normal purchase price | Serial Enumeration / chronology | Total Checkouts | Full call number | Barcode | Date last seen | Cost, replacement price | Price effective from | Koha item type |
|---|---|---|---|---|---|---|---|---|---|---|---|---|---|---|---|---|---|---|---|
| Dewey Decimal Classification | Baccah | Central Library | Central Library | First floor | 11/05/2023 | Purchase | 1050.00 | 37380 | 684.1043 JEW | 000044991 | 15/07/2025 | 1312.50 | 11/05/2023 | Book - Borrowing |